Интеллектуальная собственность и рынок: учебное пособие
| Autor Principal: | |
|---|---|
| Autor Corporativo: | |
| Outros autores: | |
| Summary: | Заглавие с титульного экрана Электронная версия печатной публикации Режим доступа: из корпоративной сети ТПУ |
| Idioma: | ruso |
| Publicado: |
Томск, Изд-во ТПУ, 2010
|
| Subjects: | |
| Acceso en liña: | http://www.lib.tpu.ru/fulltext2/m/2011/m17.pdf |
| Formato: | MixedMaterials Electrónico Libro |
| KOHA link: | https://koha.lib.tpu.ru/cgi-bin/koha/opac-detail.pl?biblionumber=190356 |
MARC
| LEADER | 00000nlm0a2200000 4500 | ||
|---|---|---|---|
| 001 | 190356 | ||
| 005 | 20240202125829.0 | ||
| 035 | |a (RuTPU)RU\TPU\book\207403 | ||
| 090 | |a 190356 | ||
| 100 | |a 20110120d2010 m y0rusy50 ca | ||
| 101 | 0 | |a rus | |
| 102 | |a RU | ||
| 105 | |a y j 001zy | ||
| 135 | |a drcn ---uucaa | ||
| 181 | 0 | |a i | |
| 182 | 0 | |a b | |
| 200 | 1 | |a Интеллектуальная собственность и рынок |e учебное пособие |f Г. А. Барышева, Н. Н. Горюнова |g Национальный исследовательский Томский политехнический университет (ТПУ) | |
| 203 | |a Текст |c электронный | ||
| 210 | |a Томск |c Изд-во ТПУ |d 2010 | ||
| 300 | |a Заглавие с титульного экрана | ||
| 300 | |a Электронная версия печатной публикации | ||
| 333 | |a Режим доступа: из корпоративной сети ТПУ | ||
| 337 | |a Adobe Reader | ||
| 452 | 1 | |0 (RuTPU)RU\TPU\book\210723 |y 978-5-98298-697-9 |t Интеллектуальная собственность и рынок |o учебное пособие |f Г. А. Барышева, Н. Н. Горюнова |g Национальный исследовательский Томский политехнический университет (ТПУ) |c Томск |n Изд-во ТПУ |d 2010 |p 180 с. |a Барышева, Галина Анзельмовна | |
| 606 | 1 | |a Рыночная экономика |x Теория |2 stltpush |3 (RuTPU)RU\TPU\subj\26444 |9 50370 | |
| 606 | 1 | |a Интеллектуальная собственность |x Право |2 stltpush |3 (RuTPU)RU\TPU\subj\12805 |9 39522 | |
| 610 | 1 | |a промышленная собственность | |
| 610 | 1 | |a теория | |
| 610 | 1 | |a право | |
| 610 | 1 | |a коммерческая тайна | |
| 610 | 1 | |a учебные пособия | |
| 610 | 1 | |a труды учёных ТПУ | |
| 610 | 1 | |a электронный ресурс | |
| 686 | |a У011.31я73 |2 rubbk | ||
| 686 | |a Х623.3я73 |2 rubbk | ||
| 700 | 1 | |a Барышева |b Г. А. |c экономист |c профессор Томского политехнического университета, доктор экономических наук |f 1961- |g Галина Анзельмовна |3 (RuTPU)RU\TPU\pers\25765 |9 11658 | |
| 701 | 1 | |a Горюнова |b Н. Н. |c экономист |c доцент Томского политехнического университета, кандидат экономических наук |f 1979- |g Наталия Николаевна |3 (RuTPU)RU\TPU\pers\25554 |9 11484 | |
| 712 | 0 | 2 | |a Национальный исследовательский Томский политехнический университет (ТПУ) |c (2009- ) |3 (RuTPU)RU\TPU\col\15902 |
| 801 | 1 | |a RU |b 63413507 |c 20110120 | |
| 801 | 2 | |a RU |b 63413507 |c 20150210 |g RCR | |
| 856 | 4 | |u http://www.lib.tpu.ru/fulltext2/m/2011/m17.pdf | |
| 942 | |c CF | ||